00490nam a2200157 i 450000100060000000300090000600500170001500700030003200800410003502000180007610000390009424501040013326000350023730000270027285200330029945248ES-MaACL20230906161204.0t|030325s1989 sp ||||1| spa d a84-404-3588-61 aCobos López de Baños, Ignacio.10aRefranero y dichos del campo de todas las lenguas de España / cIgnacio Cobos López de Baños. aMadrid : b[El Autor], c1989. aXVI, 636 p. ; c21 cm. aES-MaACLjL-13059 bR.116352